| 000 | 00719nam a2200205Ia 4500 | ||
|---|---|---|---|
| 003 | GCL | ||
| 008 | 140319s9999 xx 000 0 ara d | ||
| 040 |
_aGCL / _cGCL |
||
| 082 | 0 | 4 |
_a001.6425 _bخ ف |
| 100 | 1 | _aهشام الديب | |
| 245 | 1 | 0 |
_aفيروس الكمبيوتر مرض التكنولوجيا الحديثة / _cهشام الديب |
| 700 | 1 | _aخالد ابو الفتوح فضالة | |
| 260 |
_a[S.N] : _bدار الكتب العلمية للنشر والتوزيع ، _c1994 |
||
| 300 | _a189 ص | ||
| 490 | _a | ||
| 650 | 0 | 4 | _aالحاسبات الالكترونية |
| 650 | 0 | 4 | _aفيروسات الحاسبات الالكترونية |
| 650 | 0 | 4 | _aامن البيانات |
| 942 |
_2ddc _cBK |
||
| 999 |
_c48215 _d48215 |
||